[Event "13th EICC"]
[Site "Plovdiv BUL"]
[Date "2012.03.20"]
[Round "1.150"]
[White "Marin, Mihail"]
[Black "Bozinovic, Boban"]
[Result "1-0"]
[WhiteTitle "GM"]
[BlackTitle "CM"]
[WhiteElo "2539"]
[BlackElo "2105"]
[WhiteFideId "1200020"]
[BlackFideId "929697"]
[EventDate "2012.03.20"]
[EventType "swiss"]

1. d4 Nf6 2. Nf3 c5 3. e3 g6 4. dxc5 Qa5+ 5. Nbd2 Qxc5 6. a3 Bg7 7. b4 Qc7 8.
Bb2 O-O 9. c4 d6 10. Be2 b6 11. O-O Bb7 12. Rc1 Nbd7 13. Qb3 Ne4 14. Bxg7 Kxg7
15. Nxe4 Bxe4 16. Nd4 a6 17. Rfd1 Rfc8 18. f3 Bb7 19. e4 h6 20. Bf1 Nf6 21. Qe3
Qb8 22. Rc2 Qa7 23. Rdc1 b5 24. cxb5 Rxc2 25. Rxc2 axb5 26. Rc7 Ng8 27. Rc3 Ba6
28. Nxb5 1-0

[Event "13th EICC"]
[Site "Plovdiv BUL"]
[Date "2012.03.20"]
[Round "1.151"]
[White "Blaushtain, Boris"]
[Black "Pap, Gyula"]
[Result "0-1"]
[BlackTitle "GM"]
[WhiteElo "2105"]
[BlackElo "2538"]
[WhiteFideId "2804638"]
[BlackFideId "725323"]
[EventDate "2012.03.20"]
[EventType "swiss"]

1. c4 g6 2. g3 Bg7 3. Bg2 f5 4. f4 Nf6 5. Nc3 O-O 6. d4 d6 7. Nf3 Nc6 8. O-O a6
9. e3 Rb8 10. Qe2 Kh8 11. d5 Na5 12. Rb1 c5 13. dxc6 Nxc6 14. Nd4 Qc7 15. b3
Nxd4 16. exd4 b5 17. Bd2 Qa7 18. Qd3 bxc4 19. bxc4 Be6 20. Kh1 Rxb1 21. Rxb1 Ng4
22. Be3 Nxe3 23. Qxe3 Bxc4 24. Rb7 Qxd4 25. Qxd4 Bxd4 26. Bd5 Bf1 27. Rc7 e5 28.
fxe5 dxe5 29. Bb7 e4 30. Nd5 e3 31. Re7 Bc5 0-1

[Event "13th EICC"]
[Site "Plovdiv BUL"]
[Date "2012.03.20"]
[Round "1.152"]
[White "Rogozenco, Dorian"]
[Black "Xylogiannopoulos, Antonios"]
[Result "0-1"]
[WhiteTitle "GM"]
[WhiteElo "2536"]
[BlackElo "2104"]
[WhiteFideId "1210319"]
[BlackFideId "4215133"]
[EventDate "2012.03.20"]
[EventType "swiss"]

1. d4 d5 2. c4 c6 3. Nf3 Nf6 4. Nc3 e6 5. Bg5 h6 6. Bh4 dxc4 7. e4 g5 8. Bg3 b5
9. Be2 Bb7 10. e5 Nh5 11. a4 b4 12. Ne4 c5 13. Nxc5 Bxc5 14. dxc5 Qxd1+ 15. Rxd1
Nd7 16. Rd4 Rc8 17. Rxc4 a5 18. Kd2 Nxc5 19. Ke3 Bd5 20. Rc2 Bb3 21. Rcc1 Bxa4
22. Ra1 Ke7 23. Rhc1 Rhd8 24. h3 Ng7 25. Rxc5 Nf5+ 26. Ke4 Rxc5 27. Rxa4 Rc2 28.
Bd3 Rxb2 29. Rxa5 h5 30. Bb5 g4 31. Bf4 Kf8 32. Bg5 Rb8 33. hxg4 hxg4 34. Nd2
Kg7 35. Bf4 b3 36. Bc4 Rb4 37. Kd3 Rxd2+ 38. Bxd2 b2 39. Ba2 b1=Q+ 40. Bxb1 Rxb1
41. g3 Kg6 42. Ra4 Kh5 43. Ra8 Rb3+ 44. Bc3 Ne7 45. Kc4 Rb7 46. Bd2 Kg6 47. Rf8
Nc6 48. Rg8+ Kf5 49. Rg5+ Ke4 50. Rxg4+ Kxe5 51. Kc5 Nd8 52. Bf4+ Kf5 53. f3 e5
54. Rg5+ Kf6 55. Rxe5 Ne6+ 56. Kd5 Nxf4+ 57. gxf4 Rb4 58. Rh5 Rb5+ 0-1

[Event "13th EICC"]
[Site "Plovdiv BUL"]
[Date "2012.03.20"]
[Round "1.153"]
[White "Rigopoulos-Tsigkos, Alexandros"]
[Black "Guliyev, Namig"]
[Result "0-1"]
[BlackTitle "GM"]
[WhiteElo "2095"]
[BlackElo "2532"]
[WhiteFideId "4215109"]
[BlackFideId "13400363"]
[EventDate "2012.03.20"]
[EventType "swiss"]

1. e4 c5 2. Nf3 d6 3. c3 Nf6 4. h3 Bd7 5. Bd3 Bc6 6. Qe2 e6 7. Bc2 Be7 8. O-O
O-O 9. Re1 Nbd7 10. d3 Re8 11. Nbd2 e5 12. Nf1 Bf8 13. Bg5 h6 14. Bh4 Qb6 15.
Bb3 a5 16. Ne3 a4 17. Bc4 Qa5 18. a3 b5 19. Bd5 Nxd5 20. exd5 Bb7 21. Nd2 Qc7
22. Qg4 g6 23. c4 bxc4 24. dxc4 Bg7 25. Ne4 Bc8 26. Nc3 Nb6 27. Nb5 Qb8 28. Qe2
g5 29. Bg3 Bd7 30. h4 Nxc4 31. Qxc4 Qxb5 32. Qe4 Qa6 33. hxg5 hxg5 34. Rac1 Rab8
35. Nc4 f5 36. Qc2 Bb5 37. Ne3 Bd3 38. Qd1 f4 39. Qh5 fxe3 40. Rxe3 Rf8 41. Qxg5
Rxb2 0-1

[Event "13th EICC"]
[Site "Plovdiv BUL"]
[Date "2012.03.20"]
[Round "1.156"]
[White "Benidze, Davit"]
[Black "Khelaia, Giorgi"]
[Result "1-0"]
[WhiteTitle "IM"]
[WhiteElo "2530"]
[BlackElo "2080"]
[WhiteFideId "13603086"]
[BlackFideId "13604600"]
[EventDate "2012.03.20"]
[EventType "swiss"]

1. Nf3 e6 2. c4 f5 3. g3 Nf6 4. Bg2 Be7 5. O-O O-O 6. d3 d6 7. b4 a5 8. b5 Qe8
9. Nc3 Qh5 10. Ba3 Nbd7 11. d4 Ng4 12. e3 g5 13. h3 Ngf6 14. Nd2 g4 15. e4 f4
16. e5 f3 17. Nxf3 gxh3 18. Bh1 Ne8 19. Nd2 h2+ 20. Kg2 Qf5 21. Kxh2 Qd3 22.
Nde4 Qxc4 23. Bf3 Rxf3 24. Qxf3 Qxd4 25. Qg4+ Kf8 26. Qf4+ Kg7 27. exd6 cxd6 28.
Rad1 1-0

[Event "13th EICC"]
[Site "Plovdiv BUL"]
[Date "2012.03.20"]
[Round "1.157"]
[White "Henseler, Jorgen"]
[Black "Yilmaz, Mustafa"]
[Result "0-1"]
[BlackTitle "IM"]
[WhiteElo "2071"]
[BlackElo "2530"]
[WhiteFideId "1023233"]
[BlackFideId "6302718"]
[EventDate "2012.03.20"]
[EventType "swiss"]

1. e4 c5 2. Nf3 d6 3. d4 cxd4 4. Nxd4 Nf6 5. Nc3 a6 6. Bg5 Nbd7 7. Bc4 Qa5 8.
Qd2 e6 9. f3 Be7 10. h4 Ne5 11. Bb3 Bd7 12. O-O-O b5 13. Kb1 b4 14. Nce2 Qc7 15.
c3 a5 16. Rc1 Qb7 17. cxb4 a4 18. Bd1 a3 19. bxa3 Rxa3 20. Bb3 O-O 21. Rc2 Rfa8
22. Rhc1 Qa6 23. Rb2 Qd3+ 24. Rcc2 Bd8 25. Nc1 Qf1 26. Qe2 Qg1 27. Be3 Qh2 28.
Qf2 d5 29. Nde2 Ng6 30. e5 Qxe5 31. Nd3 Qh2 32. g3 Qxf2 33. Bxf2 Bb5 34. Rd2 e5
35. Nc3 Bc4 36. Nc5 d4 37. N3e4 Bxb3 38. Rxb3 Nd5 39. Rxa3 Rxa3 40. Rd3 Ra8 41.
Rb3 f5 42. Nd6 Nc3+ 43. Rxc3 dxc3 44. a4 Ne7 45. Kc2 Nd5 46. b5 Bb6 47. Kd3 g6
48. Nc4 c2 49. Kxc2 Bxc5 50. Bxc5 Rc8 51. Kb3 Rxc5 52. b6 Rxc4 0-1

[Event "13th EICC"]
[Site "Plovdiv BUL"]
[Date "2012.03.20"]
[Round "1.158"]
[White "Michalik, Peter"]
[Black "Manelidou, Maria"]
[Result "1-0"]
[WhiteTitle "GM"]
[WhiteElo "2529"]
[BlackElo "2067"]
[WhiteFideId "14907526"]
[BlackFideId "4212240"]
[EventDate "2012.03.20"]
[EventType "swiss"]

1. d4 f5 2. g3 Nf6 3. Bg2 e6 4. Nf3 Be7 5. O-O O-O 6. c4 d5 7. b3 a5 8. Ne5 c6
9. Ba3 b6 10. Bxe7 Qxe7 11. Nd2 Bb7 12. Ndf3 Nbd7 13. Nd3 a4 14. cxd5 exd5 15.
b4 c5 16. bxc5 bxc5 17. dxc5 Nxc5 18. Nxc5 Qxc5 19. Nd4 Qc8 20. Qd2 Ne4 21. Qf4
Qd7 22. Rfc1 Rf7 23. h4 Qd6 24. Qxd6 Nxd6 25. Rab1 Ne4 26. Nxf5 Ba6 27. Nd6 Nxd6
28. Bxd5 Rd8 29. Rb6 1-0

[Event "13th EICC"]
[Site "Plovdiv BUL"]
[Date "2012.03.20"]
[Round "1.159"]
[White "Ojagverdiyev, Zaur"]
[Black "Sebenik, Matej"]
[Result "1/2-1/2"]
[BlackTitle "IM"]
[WhiteElo "2050"]
[BlackElo "2529"]
[WhiteFideId "13402846"]
[BlackFideId "14602296"]
[EventDate "2012.03.20"]
[EventType "swiss"]

1. e4 c5 2. Nf3 d6 3. d4 cxd4 4. Nxd4 Nf6 5. Nc3 g6 6. Bc4 Bg7 7. Bb3 O-O 8. f3
Nc6 9. Be3 Bd7 10. Qd2 Na5 11. O-O-O Rb8 12. g4 b5 13. Qf2 b4 14. Nd5 Nxb3+ 15.
Nxb3 Nxd5 16. exd5 a5 17. h4 a4 18. Nd4 e5 19. dxe6 fxe6 20. Qg3 Qc7 21. h5 Rbc8
22. Rd2 g5 23. h6 Be5 24. Qf2 b3 25. a3 bxc2 26. Rh5 Qc4 27. Rxg5+ Kh8 28. Rxc2
Qa2 29. Kd2 Rxc2+ 30. Nxc2 Bf6 31. Ra5 Rc8 32. Bd4 e5 33. Bc3 Bg5+ 34. Ne3 Be6
35. f4 Rxc3 36. Kxc3 Qb3+ 37. Kd2 Bxf4 38. Ra8+ Bg8 39. Ke2 Qxb2+ 40. Kf1 Qc1+
41. Ke2 Qxa3 42. Nf5 Qa2+ 43. Kf1 Qd5 44. Qh4 Qd1+ 45. Kf2 Qd2+ 46. Kf1 Qc1+ 47.
Kf2 Qb2+ 48. Kf1 Qb5+ 49. Kf2 Qb6+ 50. Kf1 1/2-1/2

[Event "13th EICC"]
[Site "Plovdiv BUL"]
[Date "2012.03.20"]
[Round "1.160"]
[White "Rasulov, Vugar"]
[Black "Todorov, Yavor"]
[Result "1-0"]
[WhiteTitle "GM"]
[WhiteElo "2526"]
[BlackElo "2029"]
[WhiteFideId "13402390"]
[BlackFideId "2911540"]
[EventDate "2012.03.20"]
[EventType "swiss"]

1. e4 c5 2. Nf3 e6 3. d4 cxd4 4. Nxd4 Nf6 5. Nc3 Nc6 6. Ndb5 Bb4 7. a3 Bxc3+ 8.
Nxc3 d5 9. exd5 exd5 10. Bd3 O-O 11. O-O d4 12. Ne2 Bg4 13. f3 Bh5 14. Nf4 Bg6
15. Nxg6 hxg6 16. f4 Ne7 17. Qf3 Qd5 18. Bd2 Rfe8 19. Rae1 Qxf3 20. Rxf3 Ned5
21. Rff1 Ng4 22. Rxe8+ Rxe8 23. g3 Nge3 24. Rc1 Rc8 25. h3 Nf5 26. Kf2 Nd6 27.
Kf3 f5 28. Be1 Nc7 29. Bb4 Rd8 30. Re1 Kf7 31. Re5 b6 32. g4 Kf6 33. a4 fxg4+
34. hxg4 Kf7 35. Rg5 Ne6 36. Rxg6 Nc5 37. f5 Rd7 38. a5 Rd8 39. Kf4 Ne8 40. Bc4+
Kf8 41. axb6 axb6 42. Rxb6 Rc8 43. Be6 Rc7 44. Rb5 1-0

[Event "13th EICC"]
[Site "Plovdiv BUL"]
[Date "2012.03.20"]
[Round "1.161"]
[White "Safronov, Kirill"]
[Black "Heberla, Bartlomiej"]
[Result "0-1"]
[BlackTitle "GM"]
[WhiteElo "2017"]
[BlackElo "2525"]
[WhiteFideId "24141976"]
[BlackFideId "1115120"]
[EventDate "2012.03.20"]
[EventType "swiss"]

1. Nf3 g6 2. e4 d6 3. d4 Nf6 4. Nc3 Bg7 5. Bg5 O-O 6. Qd2 Nc6 7. O-O-O a6 8. Bh6
Bg4 9. Bxg7 Kxg7 10. Qe3 Qb8 11. e5 Nd7 12. exd6 exd6 13. h3 Re8 14. Qf4 Bxf3
15. Qxf3 Qd8 16. Bc4 Qf6 17. Qxf6+ Nxf6 18. Nd5 Na5 19. Nxf6 Kxf6 20. Bd3 Nc6
21. c3 Ne7 22. Rhe1 Nf5 23. Rxe8 Rxe8 24. Bxf5 Kxf5 25. Kd2 Kf4 26. Re1 Rxe1 27.
Kxe1 h5 28. Ke2 h4 29. f3 Kg3 30. Kf1 b5 31. b4 g5 32. Kg1 Kf4 33. Kf2 f5 34.
Ke2 g4 35. fxg4 fxg4 36. hxg4 Kxg4 37. Kf2 Kf4 38. Ke2 Ke4 39. Kd2 Kf4 40. Ke2
Ke4 41. Kd2 Kd5 42. Kd3 c6 43. a3 c5 44. Ke3 cxd4+ 45. cxd4 Kc4 46. Ke4 Kc3 47.
d5 Kc4 48. Kf4 Kxd5 49. Kg4 Ke4 50. Kxh4 d5 0-1

[Event "13th EICC"]
[Site "Plovdiv BUL"]
[Date "2012.03.20"]
[Round "1.162"]
[White "Pridorozhni, Aleksei"]
[Black "Levine, Yonatan"]
[Result "1-0"]
[WhiteTitle "GM"]
[WhiteElo "2524"]
[BlackElo "2016"]
[WhiteFideId "4127870"]
[BlackFideId "2802082"]
[EventDate "2012.03.20"]
[EventType "swiss"]

1. e4 e6 2. d3 d5 3. Nc3 c5 4. g3 Nc6 5. Bg2 d4 6. Nce2 g6 7. f4 Bg7 8. Nf3 Nge7
9. O-O f5 10. e5 O-O 11. c3 dxc3 12. bxc3 Nd5 13. c4 Nde7 14. Be3 b6 15. d4 Na5
16. Rc1 Ba6 17. Qa4 Qe8 18. Qxe8 Raxe8 19. Nd2 Rc8 20. dxc5 bxc5 21. Nb3 Nxc4
22. Bxc5 Rfe8 23. Bf3 Nc6 24. Rc3 N6xe5 25. fxe5 Nxe5 26. Rf2 Bxe2 27. Bxe2 Ng4
28. Rff3 Bxc3 29. Rxc3 Nf6 30. Rc4 Nd5 31. Kf2 Rc7 32. Nd4 a6 33. Bd6 Rxc4 34.
Bxc4 Nc3 35. Be5 Kf7 36. Ke3 Ne4 37. Bxa6 Nc5 38. Bc4 Nd7 39. Bf4 Nb6 40. Bxe6+
Rxe6+ 41. Nxe6 Kxe6 42. Kd4 Kd7 43. Ke5 Na4 44. Kf6 Nc3 45. Kg7 Ke6 46. a3 Ne4
47. h4 Ke7 48. a4 Nc5 49. a5 Ke6 50. Be3 Na6 51. Kxh7 Kf7 52. Bf4 Nc5 53. Be5
Na6 54. Bd6 Kf6 55. Kg8 g5 56. h5 1-0

[Event "13th EICC"]
[Site "Plovdiv BUL"]
[Date "2012.03.20"]
[Round "1.163"]
[White "Petrov, Vladimir Sergeev"]
[Black "Khmelniker, Ilya"]
[Result "0-1"]
[BlackTitle "GM"]
[WhiteElo "1980"]
[BlackElo "2523"]
[WhiteFideId "2902940"]
[BlackFideId "2805340"]
[EventDate "2012.03.20"]
[EventType "swiss"]

1. e4 e5 2. Nf3 Nc6 3. Nc3 Nf6 4. d4 exd4 5. Nxd4 Bb4 6. Nxc6 bxc6 7. Bd3 d5 8.
exd5 cxd5 9. O-O O-O 10. Bg5 c6 11. Qf3 Bd6 12. Rae1 Rb8 13. b3 h6 14. Bxf6 Qxf6
15. Qxf6 gxf6 16. Ne2 Re8 17. Ng3 Re5 18. f4 Rxe1 19. Rxe1 Kf8 20. Nh5 Bb4 21.
Re2 Bc3 22. h3 c5 23. Kh2 a5 24. Re3 Bd4 25. Rg3 a4 26. Bh7 Bb2 27. Rg8+ Ke7 28.
Bf5 Bxf5 29. Rxb8 a3 30. Rb7+ Kd6 31. Rb6+ Kc7 32. Ra6 Bxc2 33. Nxf6 Kb7 34. Rd6
Bxb3 35. Nd7 Bxa2 36. Nxc5+ Kc7 37. Rxh6 Bc4 38. Na6+ Kb7 39. Nb4 Bc3 40. Nc2 a2
41. Rh7 d4 42. Na3 Bb3 43. Rh5 a1=Q 44. Rb5+ Kc6 45. Rxb3 Qa2 0-1

[Event "13th EICC"]
[Site "Plovdiv BUL"]
[Date "2012.03.20"]
[Round "1.164"]
[White "Miron, Lucian-Costin"]
[Black "Mihopoulos, Konstantinos"]
[Result "1/2-1/2"]
[WhiteTitle "IM"]
[WhiteElo "2518"]
[BlackElo "1951"]
[WhiteFideId "1210920"]
[BlackFideId "4217110"]
[EventDate "2012.03.20"]
[EventType "swiss"]

1. Nf3 Nf6 2. g3 d5 3. Bg2 c6 4. O-O Bf5 5. d3 h6 6. Nbd2 e6 7. b3 Be7 8. Bb2
O-O 9. Re1 Bh7 10. e4 a5 11. c4 a4 12. Qe2 Na6 13. Red1 Qb6 14. Ne5 a3 15. Bc1
Qd4 16. exd5 Qxa1 17. Bxa3 Qxd1+ 18. Qxd1 Bxa3 19. dxc6 bxc6 20. Nxc6 Bxd3 21.
Nb1 Bxb1 22. Qxb1 Rac8 23. b4 Rxc6 24. Bxc6 Nxb4 25. Bf3 Rd8 26. Kg2 Rd3 27. Qe1
Nxa2 28. Qa5 Rc3 29. c5 Bxc5 30. Qxa2 Bf8 31. Qd2 Rc5 32. Qd3 h5 33. h4 Rf5 34.
Be4 Nxe4 35. Qxe4 Bc5 36. f3 g5 37. hxg5 Rxg5 38. Qa8+ Kg7 39. Qa1+ Kg8 40. Qa8+
Kg7 41. Qa1+ Kg8 1/2-1/2

[Event "13th EICC"]
[Site "Plovdiv BUL"]
[Date "2012.03.20"]
[Round "1.165"]
[White "Porfireanu, Serban"]
[Black "Goganov, Aleksey"]
[Result "0-1"]
[BlackTitle "IM"]
[WhiteElo "1892"]
[BlackElo "2517"]
[WhiteFideId "1208632"]
[BlackFideId "24109959"]
[EventDate "2012.03.20"]
[EventType "swiss"]

1. Nf3 c5 2. e4 Nc6 3. d4 cxd4 4. Nxd4 Qc7 5. Nc3 e6 6. Be2 Nf6 7. Be3 a6 8. O-O
Be7 9. a4 O-O 10. Kh1 d6 11. f4 Re8 12. Nxc6 bxc6 13. a5 c5 14. Bf3 Bb7 15. Qe1
d5 16. exd5 exd5 17. Ne2 Bd6 18. Qd2 Ne4 19. Bxe4 Rxe4 20. Ng3 Ree8 21. Qf2 d4
22. Bd2 Qc6 23. Nf5 Bf8 24. Nh4 Qb5 25. Rfe1 Rxe1+ 26. Rxe1 Qxb2 27. Bc1 Qb5 28.
Nf5 Qd7 29. Ng3 Re8 30. Rf1 Qd5 31. f5 Bd6 32. Nh5 Re4 33. Rg1 Qe5 34. Ng3 h5
35. f6 h4 36. Qf5 hxg3 0-1

[Event "13th EICC"]
[Site "Plovdiv BUL"]
[Date "2012.03.20"]
[Round "1.166"]
[White "Onischuk, Vladimir"]
[Black "Slavov, Hristo"]
[Result "1-0"]
[WhiteTitle "GM"]
[WhiteElo "2516"]
[BlackElo "1812"]
[WhiteFideId "14114038"]
[BlackFideId "2911345"]
[EventDate "2012.03.20"]
[EventType "swiss"]

1. e4 Nf6 2. Nc3 d5 3. exd5 Nxd5 4. Bc4 Nxc3 5. Qf3 e6 6. dxc3 Nc6 7. Qg3 Qd6 8.
Bf4 e5 9. Be3 f5 10. Rd1 Qf6 11. Bg5 Qg6 12. Nf3 Bd6 13. Nxe5 Nxe5 14. Qxe5+ Kf8
15. Qe3 Bd7 16. Be7+ Bxe7 17. Rxd7 Re8 18. O-O Bd6 19. Qxa7 b6 20. Qb7 h5 21.
Qd5 Re5 22. Qa8+ Re8 23. Qf3 Re4 24. Rd8+ Re8 25. Rxe8+ 1-0

[Event "13th EICC"]
[Site "Plovdiv BUL"]
[Date "2012.03.20"]
[Round "1.167"]
[White "Meyes, Richard"]
[Black "Djukic, Nikola"]
[Result "0-1"]
[BlackTitle "GM"]
[WhiteElo "1786"]
[BlackElo "2513"]
[WhiteFideId "12932833"]
[BlackFideId "922412"]
[EventDate "2012.03.20"]
[EventType "swiss"]

1. Nf3 Nf6 2. c4 g6 3. Nc3 Bg7 4. e4 d6 5. d4 O-O 6. h3 e5 7. d5 a5 8. Bg5 Na6
9. Be2 c6 10. Nd2 Bd7 11. O-O Kh8 12. g4 Qc7 13. h4 Ng8 14. f3 Qb6+ 15. Kg2 f6
16. c5 Qxb2 17. Nc4 Qxc3 18. Be3 cxd5 19. Rc1 Qb4 20. Rb1 Qa4 21. Qxa4 Bxa4 22.
Nb6 d4 23. Nxa4 dxe3 24. cxd6 Rac8 25. Rfd1 Rc2 26. Kf1 Nb4 27. a3 Nc6 28. Rxb7
Nd4 29. Re1 f5 30. exf5 gxf5 31. g5 f4 32. h5 e4 33. h6 Be5 34. fxe4 f3 35. Bd3
Rf2+ 36. Kg1 Rg2+ 0-1

[Event "13th EICC"]
[Site "Plovdiv BUL"]
[Date "2012.03.20"]
[Round "1.168"]
[White "Alonso Rosell, Alvar"]
[Black "Vdovenko, Volodymyr"]
[Result "1-0"]
[WhiteTitle "IM"]
[WhiteElo "2513"]
[BlackElo "1784"]
[WhiteFideId "2270544"]
[BlackFideId "14110938"]
[EventDate "2012.03.20"]
[EventType "swiss"]

1. d4 d6 2. Nf3 g6 3. c4 Bg7 4. Nc3 e5 5. d5 f5 6. g3 Nd7 7. Bg2 a5 8. Qa4 h6 9.
e4 fxe4 10. Nxe4 Nf6 11. Nh4 Kf7 12. Qc2 Nf8 13. O-O g5 14. Nf3 Nxe4 15. Qxe4
Qf6 16. Nd2 Bf5 17. Qe3 Ng6 18. Ne4 Bxe4 19. Qxe4 Rae8 20. Bh3 Rhf8 21. Be6+ Ke7
22. c5 Qf3 23. Qxg6 Bf6 24. Qh7+ 1-0

[Event "13th EICC"]
[Site "Plovdiv BUL"]
[Date "2012.03.20"]
[Round "1.169"]
[White "Katsarov, Hristo"]
[Black "Mastrovasilis, Athanasios"]
[Result "0-1"]
[BlackTitle "GM"]
[WhiteElo "1495"]
[BlackElo "2510"]
[WhiteFideId "2913003"]
[BlackFideId "4201990"]
[EventDate "2012.03.20"]
[EventType "swiss"]

1. e4 c5 2. Nf3 e6 3. Nc3 a6 4. d3 Nc6 5. Bg5 Be7 6. Bxe7 Ngxe7 7. g3 b5 8. Bg2
Bb7 9. O-O O-O 10. a3 Rc8 11. Qd2 Qc7 12. Ne2 d5 13. Qf4 e5 14. Qd2 dxe4 15.
dxe4 Rfd8 16. Qe3 Nd4 17. Nfxd4 cxd4 18. Qc1 Qxc2 19. Re1 Bxe4 20. Bxe4 Qxe4 21.
Nc3 Qf5 22. Qb1 dxc3 23. Qa2 Rd2 0-1

[Event "13th EICC"]
[Site "Plovdiv BUL"]
[Date "2012.03.21"]
[Round "2.12"]
[White "Chatalbashev, Boris"]
[Black "Fressinet, Laurent"]
[Result "0-1"]
[WhiteTitle "GM"]
[BlackTitle "GM"]
[WhiteElo "2570"]
[BlackElo "2693"]
[WhiteFideId "2900440"]
[BlackFideId "608742"]
[EventDate "2012.03.20"]
[EventType "swiss"]

1. d4 d5 2. c4 c6 3. Nf3 Nf6 4. e3 Bg4 5. h3 Bh5 6. Nc3 e6 7. g4 Bg6 8. Ne5 Nbd7
9. Nxg6 hxg6 10. Bd2 g5 11. Bd3 Qc7 12. cxd5 Nxd5 13. Qf3 Be7 14. Rc1 N7f6 15.
a3 Nxc3 16. Rxc3 Nd5 17. Rc2 Rd8 18. Ke2 Rh6 19. b4 a6 20. Qg2 e5 21. dxe5 Qxe5
22. Qe4 Qd6 23. Bc4 Nf6 24. Qd4 Qxd4 25. exd4 Nxg4 26. Rg1 Nf6 27. Rxg5 Kf8 28.
Rg3 Rh4 29. Be3 Nd5 30. Kf3 Bf6 31. Bxd5 Rxd5 32. Rc5 Bxd4 33. Rxd5 cxd5 34. Bg5
Re4 35. Rg1 Bb2 36. Bc1 Bxc1 37. Rxc1 Rc4 38. Rd1 Rc3+ 39. Kg2 Rxa3 40. Rxd5 Ra4
41. Rd4 g6 42. Re4 b6 43. Rc4 Kg7 0-1

[Event "13th EICC"]
[Site "Plovdiv BUL"]
[Date "2012.03.21"]
[Round "2.13"]
[White "Bosiocic, Marin"]
[Black "Andreikin, Dmitry"]
[Result "1/2-1/2"]
[WhiteTitle "GM"]
[BlackTitle "GM"]
[WhiteElo "2562"]
[BlackElo "2689"]
[WhiteFideId "14507927"]
[BlackFideId "4158814"]
[EventDate "2012.03.20"]
[EventType "swiss"]

1. e4 e5 2. Nf3 Nc6 3. Bb5 g6 4. d4 exd4 5. c3 d3 6. Bg5 Be7 7. h4 Nf6 8. Qxd3
O-O 9. Nbd2 d5 10. O-O-O Nxe4 11. Nxe4 Bf5 12. Qxd5 Qxd5 13. Rxd5 Bxe4 14. Bxc6
bxc6 15. Re5 Bxg5+ 16. hxg5 Rae8 17. Rxe8 Rxe8 18. Re1 Kf8 19. Nh4 f6 20. f4
fxg5 21. fxg5 c5 22. b3 Re6 23. Re3 Ke7 24. Rh3 Kd6 25. Nf3 Bf5 26. Rxh7 Re2 27.
Nh4 Be4 28. Rf7 Rxa2 29. Rf6+ Kd5 30. Nxg6 Rc2+ 31. Kd1 Rxc3 32. Ne7+ Kd4 33.
Rf4 Rxb3 34. g6 Rb1+ 35. Ke2 Rb2+ 36. Kf1 Rb1+ 37. Ke2 Rb2+ 38. Kf1 Rb1+ 39. Ke2
Rb2+ 40. Kf1 Ke3 1/2-1/2

[Event "13th EICC"]
[Site "Plovdiv BUL"]
[Date "2012.03.21"]
[Round "2.16"]
[White "Ipatov, Alexander"]
[Black "Korobov, Anton"]
[Result "0-1"]
[WhiteTitle "GM"]
[BlackTitle "GM"]
[WhiteElo "2561"]
[BlackElo "2679"]
[WhiteFideId "14116731"]
[BlackFideId "14105730"]
[EventDate "2012.03.20"]
[EventType "swiss"]

1. d4 Nf6 2. c4 g6 3. Nc3 Bg7 4. e4 d6 5. Nf3 O-O 6. h3 e5 7. d5 Na6 8. Bg5 Qe8
9. g4 Nd7 10. Rg1 Kh8 11. Be2 Ndc5 12. Nh4 c6 13. Qd2 cxd5 14. exd5 e4 15. Nb5
Bd7 16. Nxd6 Qe5 17. Bf4 Qxb2 18. Qxb2 Bxb2 19. Rb1 Bf6 20. Ng2 b6 21. Kf1 Bg7
22. Ne3 Nd3 23. Bxd3 exd3 24. Nb5 Nc5 25. Kg2 f5 26. gxf5 gxf5 27. Rh1 Rg8 28.
Kh2 Rae8 29. Rbg1 h6 30. Nd6 Ref8 31. Rg6 Kh7 32. Rhg1 d2 33. Nb5 Nd3 34. Bd6
Be5+ 35. R6g3 Bxg3+ 36. fxg3 Re8 0-1

[Event "13th EICC"]
[Site "Plovdiv BUL"]
[Date "2012.03.21"]
[Round "2.17"]
[White "Kobalia, Mikhail"]
[Black "Steingrimsson, Hedinn"]
[Result "1/2-1/2"]
[WhiteTitle "GM"]
[BlackTitle "GM"]
[WhiteElo "2666"]
[BlackElo "2556"]
[WhiteFideId "4119150"]
[BlackFideId "2300117"]
[EventDate "2012.03.20"]
[EventType "swiss"]

1. e4 c5 2. Nf3 d6 3. d4 cxd4 4. Nxd4 Nf6 5. Nc3 a6 6. Be3 e5 7. Nf3 Qc7 8. a4
Be7 9. a5 O-O 10. Be2 Nbd7 11. O-O b5 12. axb6 Nxb6 13. Nd2 Bb7 14. Bf3 Rfb8 15.
Re1 h6 16. h3 Nh7 17. Bxb6 Qxb6 18. Nc4 Qc5 19. Na5 Nf6 20. Nxb7 Rxb7 21. Qd3 a5
22. Ra2 Rb4 23. b3 Rc8 24. Nd1 Bd8 25. Ne3 Rd4 26. Qa6 Rc6 27. Qa8 Rc8 28. Qa6
Rc6 29. Qa8 Rc8 1/2-1/2

[Event "13th EICC"]
[Site "Plovdiv BUL"]
[Date "2012.03.21"]
[Round "2.18"]
[White "Popovic, Dusan"]
[Black "Kryvoruchko, Yuriy"]
[Result "0-1"]
[WhiteTitle "GM"]
[BlackTitle "GM"]
[WhiteElo "2561"]
[BlackElo "2666"]
[WhiteFideId "927031"]
[BlackFideId "14109182"]
[EventDate "2012.03.20"]
[EventType "swiss"]

1. e4 e5 2. Nf3 Nc6 3. Bb5 Nf6 4. d3 Bc5 5. Bxc6 dxc6 6. Nbd2 Bg4 7. h3 Bxf3 8.
Qxf3 Qe7 9. O-O Nd7 10. Nc4 O-O 11. Qg3 Rfe8 12. Kh1 b5 13. Ne3 Bxe3 14. Bxe3 c5
15. f4 c4 16. dxc4 bxc4 17. Bd2 Nf6 18. Rae1 Nh5 19. Qg4 Nxf4 20. Bxf4 exf4 21.
Qxf4 Rab8 22. b3 cxb3 23. axb3 Rb4 24. Rf3 g6 25. Rc3 c5 26. Qf2 Rd4 27. e5 Rd5
28. Rce3 Qd7 29. Qf3 Re6 30. R3e2 a6 31. Re3 Rd2 32. Rc3 Rd5 33. Rce3 h5 34.
R3e2 Rd1 35. Qe4 Rd4 36. Qa8+ Kg7 37. Qf3 c4 38. Re4 cxb3 39. cxb3 Rd3 40. R4e3
Rxe5 41. Rxd3 Rxe1+ 42. Kh2 Qc7+ 43. Qg3 Qc1 44. Qf2 Rh1+ 45. Kg3 Qg5+ 46. Kf3
Qf5+ 47. Ke3 Qe5+ 48. Kf3 Re1 49. Qd2 Rf1+ 0-1